Glyphosate-degrading microorganisms from industrial activated sludge (Record no. 45430)

MARC details
000 -LEADER
fixed length control field 00395nam a2200133Ia 4500
100 ## - MAIN ENTRY--AUTHOR NAME
Personal name Balthazor Terry M
245 #0 - TITLE STATEMENT
Title Glyphosate-degrading microorganisms from industrial activated sludge
260 ## - PUBLICATION, DISTRIBUTION, ETC. (IMPRINT)
Name of publisher Applied and Environmental Microbiology
Year of publication 1986
300 ## - PHYSICAL DESCRIPTION
Number of Pages 432-434
650 ## - SUBJECT ADDED ENTRY--TOPICAL TERM
Topical Term Microorganisms
700 ## - ADDED ENTRY--PERSONAL NAME
Personal name Hallas Laurene E
942 ## - ADDED ENTRY ELEMENTS (KOHA)
Koha item type Reprints
Holdings
Withdrawn status Lost status Damaged status Not for loan Home library Current library Shelving location Date acquired Serial Enumeration / chronology Accession Number Koha item type
      Reprints RRII Library RRII Library Microbiology 22/12/2021 Volume 51, Issue 2 P01115 Reprints